MARC

LEADER 00000nam0a2200000 4500
001 271783
005 20231101234453.0
035 |a (RuTPU)RU\TPU\book\294986 
090 |a 271783 
100 |a 20141011d1987 km y0rusy50 ca 
101 0 |a rus 
102 |a RU 
105 |a a z 001zy 
200 1 |a Механизмы управления самолетом  |f В. Н. Кестельман, А. В. Федоров 
210 |a Москва  |c Машиностроение  |d 1987 
215 |a 184 с.  |c ил. 
320 |a Библиогр.: с. 181-183 
606 1 |a Летательные аппараты  |x Управление  |x Оптимизация  |x Математические методы  |2 stltpush  |3 (RuTPU)RU\TPU\subj\40113  |9 59984 
610 1 |a самолеты 
610 1 |a механизмы 
610 1 |a классификация 
610 1 |a механические передачи 
610 1 |a детали 
610 1 |a работоспособность 
610 1 |a проверка 
610 1 |a конструкции 
675 |a 629.73.05  |v 4 
700 1 |a Кестельман  |b В. Н.  |g Владимир Николаевич 
701 1 |a Федоров  |b А. В.  |g Андрей Викторович 
801 1 |a RU  |b 63413507  |c 20141011 
801 2 |a RU  |b 63413507  |c 20170314  |g RCR 
942 |c BK